000 00759nam a2200229Ii 4500
003 JO-AjNU
005 20240911101533.0
008 230605s9999||||xx |||||||||||||| ||und||
040 _aJO-AjNU
_bara
_erda
_cJO-AjNU
041 _aara
050 1 4 _aMT898 1995
100 3 _aحداد،حسني تأليف/ مجاعص، سليم م.مشارك,
_eauthor
_916686
245 0 0 _aاناشيد البعل: قراءة جديدة للأساطير الأوغاريتية
250 _aط1
264 3 1 _aبيروت: دارأمواج للنشر والتوزيع،1995
300 _a96ص
336 _atext
_btxt
_2rdacontent
337 _aunmediated
_bn
_2rdamedia
338 _avolume
_bnc
_2rdacarrier
650 4 _a اناشيد-تراث-فن
_916687
942 _2lcc
_cBK
999 _c8568
_d8568